00475nam a2200193 a 4500001001300000003000900013005001700022008004100039020001000080082001600090100002300106245001100129260003600140300000900176500003500185505002200220650001600242700002300258nice12345678IN_TiNIC20260116011815.0050524s1970 luca grp 000 0 urd  ac2.500a891.41bHAF aHafiz, Male Gaonvi aAbgina aLucknowbNaseem Book Depoc1970 a128p aincludes index and biblioraphy2 aVarious Documents aUrdu-Poetry1 aHafiz, Male Gaonvi